Normal view MARC view
  • Estados Unidos

Entry Nombre Geográfico

Number of records used in: 2

001 - NÚMERO DE CONTROL

  • campo de control: 6587

003 - IDENTIFICADOR DE NUMERO DE CONTROL

  • campo de control: MX-MxUPN

005 - FECHA Y HORA DE LA ÜLTIMA TRANSACCIÓN

  • campo de control: 20240918130756.0

008 - DATOS DE LONGITUD FIJA

  • campo de control de longitud fija: 240918n| fcnnnbabn | ana |d

035 ## - NÚMERO DE CONTROL

  • Número de control: UPN10000006589

040 ## - FUENTE DE CATALOGACIÓN

  • Agencia de catalogación original: MX-MxUPN
  • Lenguaje de catalogación: spa
  • Agencia de transcripción: MX-MxUPN

151 ## - ENCABEZAMIENTO - NOMBRE GEOGRÁFICO

  • Nombre geográfico: Estados Unidos
  • Subdivisión general : Industrias

450 ## - VER DESDE EL RASTREO--TÉRMINO TÓPICO

  • Topical term or geographic name entry element: Industrias -
  • Geographic subdivision: Estados Unidos

670 ## - FUENTE EN LA QUE SE LOCALIZARON DATOS

  • Cita de la fuente: E/P

902 ## - CATALOGADOR

  • Catalogador: MMA/120297